000 00866cam a2200289 a 4500
001 4482962
003 ARRUPE
005 20131022173634.0
008 940607s1994 kyu b 001 0 eng
010 _a93031034
020 _a066425540X (alk. paper)
035 _a(OCoLC)29319934
035 _a(OCoLC)ocm29319934
035 _a(NNC)4482962
040 _aDLC
_cDLC
_dDLC
050 0 0 _aBV4211.2
_b.B858 1994
090 _aBV4211.2
_b.B858 1994
100 1 _aButtrick, David,
_d1927-
_92689
245 1 2 _aA captive voice :
_bthe liberation of preaching /
_cDavid Buttrick.
250 _a1st ed.
260 _aLouisville, Ky. :
_bWestminister/John Knox Press,
_cc1994.
300 _axii, 164 p. ;
_c22 cm.
504 _aIncludes bibliographical references (p.115-149) and index.
650 0 _aPreaching.
_92690
942 _2lcc
_cMONOGRAPH
999 _c118388
_d118388